000 00302nam a22001337a 4500
008 170810b xxu||||| |||| 00| 0 eng d
020 _a9780321219145
041 _aeng
080 _a004
100 _a35
101 _aSHKI
245 _aLINUX APPLICATION DEVELOPMENT
_cJOHNSON, M.K
942 _2udc
_cBK
999 _c23104
_d23104